Typopass/ (Record no. 2200)

MARC details
000 -LEADER
campo de control de longitud fija 00504nam a22001817a 4500
003 - IDENTIFICADOR DE NÚMERO DE CONTROL
campo de control OSt
005 - FECHA Y HORA DE LA ÚLTIMA TRANSACCIÓN
campo de control 20221006163802.0
008 - DATOS DE LONGITUD FIJA--INFORMACIÓN GENERAL
campo de control de longitud fija 221006b |||||||| |||| 00| 0 eng d
040 ## - FUENTE DE CATALOGACIÓN
Centro/agencia transcriptor Biblioteca Lado V
082 ## - NÚMERO DE LA CLASIFICACIÓN DECIMAL DEWEY
Número de clasificación 708
Número de ítem AN581t
100 ## - ENTRADA PRINCIPAL--NOMBRE DE PERSONA
9 (RLIN) 90
Nombre de persona Angel, Judit
Término indicativo de función/relación curador
245 ## - MENCIÓN DEL TÍTULO
Título Typopass/
260 ## - PUBLICACIÓN, DISTRIBUCIÓN, ETC.
Lugar de publicación, distribución, etc. Alemania
Nombre del editor, distribuidor, etc. Platan Galeria
Fecha de publicación, distribución, etc. 2009
300 ## - DESCRIPCIÓN FÍSICA
Extensión 117p.
Dimensiones 14x18cm
700 ## - ENTRADA AGREGADA--NOMBRE PERSONAL
Nombre de persona Hegyi, Dora
Término indicativo de función/relación curadora
700 ## - ENTRADA AGREGADA--NOMBRE PERSONAL
Nombre de persona Laszlo, Zsuzsa
Término indicativo de función/relación curador
942 ## - ELEMENTOS DE ENTRADA SECUNDARIOS (KOHA)
Fuente del sistema de clasificación o colocación Clasificación Decimal Dewey
Tipo de ítem Koha Libros
Parte de la signatura que corresponde a la clasificación (Parte de la clasificación) 708
Parte de la signatura que identifica el ejemplar (Parte del ítem) AN581t
Suprimir en OPAC No
Holdings
Estatus retirado Estado de pérdida Fuente del sistema de clasificación o colocación Estado de daño No para préstamo Biblioteca de origen Biblioteca actual Fecha de adquisición Número de inventario Total de préstamos Signatura topográfica completa Código de barras Visto por última vez Precio de reemplazo Tipo de ítem Koha
    Clasificación Decimal Dewey     Biblioteca LadoV Biblioteca LadoV 06/10/2022 001779   708 AN581t 001779 06/10/2022 06/10/2022 Libros